[Event "Deutsche Ländermeisterschaft 2023"]
[Site "Hannover GER"]
[Date "2023.10.04"]
[Round "6"]
[White "Klaska, Philipp Leon"]
[Black "Lu, Yunong Elias"]
[Result "1-0"]
[Termination "normal"]
[Board "2.5"]
[WhiteElo "2065"]
[BlackElo "1828"]
[WhiteClock "00:19:21"]
[BlackClock "00:15:35"]
[WhiteTeam "Nordrhein-Westfalen"]
[BlackTeam "Hamburg"]
[PlyCount "95"]
[WhiteFideId "16238044"]
[BlackFideId "16276426"]
[EventCountry "GER"]
[EventRounds "7"]
[EventType "team-swiss"]
[EventDate "2023.09.30"]

1. e4 {[%clk 01:30:35]} {[%emt 00:00:23]} c6 {[%clk 01:30:50]} {[%emt
00:00:12]} 2. d4 {[%clk 01:30:00]} {[%emt 00:01:05]} d5 {[%clk 01:31:02]}
{[%emt 00:00:17]} 3. Nc3 {[%clk 01:30:04]} {[%emt 00:00:26]} dxe4 {[%clk
01:30:13]} {[%emt 00:01:18]} 4. Nxe4 {[%clk 01:30:30]} {[%emt 00:00:04]} Nf6
{[%clk 01:30:15]} {[%emt 00:00:27]} 5. Nxf6+ {[%clk 01:30:53]} {[%emt
00:00:09]} exf6 {[%clk 01:30:32]} {[%emt 00:00:12]} 6. c3 {[%clk 01:31:19]}
{[%emt 00:00:05]} Bd6 {[%clk 01:30:38]} {[%emt 00:00:24]} 7. Bd3 {[%clk
01:31:41]} {[%emt 00:00:08]} O-O {[%clk 01:30:49]} {[%emt 00:00:18]} 8. Ne2
{[%clk 01:32:06]} {[%emt 00:00:06]} Re8 {[%clk 01:30:24]} {[%emt 00:00:56]} 9.
O-O {[%clk 01:32:16]} {[%emt 00:00:20]} Nd7 {[%clk 01:29:38]} {[%emt 00:01:16]}
10. Bf4 {[%clk 01:32:13]} {[%emt 00:00:32]} Nf8 {[%clk 01:29:06]} {[%emt
00:01:02]} 11. Qd2 {[%clk 01:31:38]} {[%emt 00:01:05]} Ng6 {[%clk 01:25:22]}
{[%emt 00:04:15]} 12. Bg3 {[%clk 01:28:28]} {[%emt 00:03:40]} Qc7 {[%clk
01:24:31]} {[%emt 00:01:21]} 13. Rfe1 {[%clk 01:26:06]} {[%emt 00:02:53]} Bd7
{[%clk 01:20:41]} {[%emt 00:04:20]} 14. Rad1 {[%clk 01:23:45]} {[%emt
00:02:50]} Rad8 {[%clk 01:19:12]} {[%emt 00:01:59]} 15. Bb1 {[%clk 01:17:21]}
{[%emt 00:06:53]} Bc8 {[%clk 01:17:09]} {[%emt 00:02:34]} 16. Bxd6 {[%clk
01:08:01]} {[%emt 00:09:50]} Qxd6 {[%clk 01:15:17]} {[%emt 00:02:21]} 17. Ng3
{[%clk 01:06:39]} {[%emt 00:01:51]} b6 {[%clk 01:14:08]} {[%emt 00:01:40]} 18.
Rxe8+ {[%clk 01:01:35]} {[%emt 00:05:34]} Rxe8 {[%clk 01:14:26]} {[%emt
00:00:12]} 19. Re1 {[%clk 01:01:35]} {[%emt 00:00:30]} Re7 {[%clk 00:48:15]}
{[%emt 00:26:41]} 20. Rxe7 {[%clk 00:40:58]} {[%emt 00:21:07]} Nxe7 {[%clk
00:46:35]} {[%emt 00:02:10]} 21. b3 {[%clk 00:34:16]} {[%emt 00:07:12]} g6
{[%clk 00:43:57]} {[%emt 00:03:08]} 22. Be4 {[%clk 00:28:19]} {[%emt 00:06:22]}
Kg7 {[%clk 00:40:25]} {[%emt 00:04:07]} 23. Bf3 {[%clk 00:27:15]} {[%emt
00:01:34]} Nf5 {[%clk 00:37:08]} {[%emt 00:03:48]} 24. Nxf5+ {[%clk 00:26:56]}
{[%emt 00:00:49]} Bxf5 {[%clk 00:37:27]} {[%emt 00:00:10]} 25. h3 {[%clk
00:22:47]} {[%emt 00:04:37]} h5 {[%clk 00:36:12]} {[%emt 00:01:46]} 26. c4
{[%clk 00:21:31]} {[%emt 00:01:46]} Kf8 {[%clk 00:34:36]} {[%emt 00:02:06]} 27.
d5 {[%clk 00:17:55]} {[%emt 00:04:06]} c5 {[%clk 00:34:37]} {[%emt 00:00:30]}
28. h4 {[%clk 00:14:47]} {[%emt 00:03:38]} Ke7 {[%clk 00:33:32]} {[%emt
00:01:34]} 29. g3 {[%clk 00:13:59]} {[%emt 00:01:18]} Qe5 {[%clk 00:32:35]}
{[%emt 00:01:27]} 30. Kg2 {[%clk 00:14:10]} {[%emt 00:00:19]} Kd7 {[%clk
00:29:28]} {[%emt 00:03:36]} 31. Qh6 {[%clk 00:13:05]} {[%emt 00:01:35]} Qe7
{[%clk 00:27:41]} {[%emt 00:02:12]} 32. Qh8 {[%clk 00:12:10]} {[%emt 00:01:29]}
Qd8 {[%clk 00:27:24]} {[%emt 00:00:48]} 33. Qh7 {[%clk 00:11:18]} {[%emt
00:01:21]} Qe7 {[%clk 00:26:53]} {[%emt 00:01:02]} 34. Bxh5 {[%clk 00:08:53]}
{[%emt 00:02:55]} Bb1 {[%clk 00:25:20]} {[%emt 00:02:03]} 35. Bg4+ {[%clk
00:07:38]} {[%emt 00:01:44]} f5 {[%clk 00:24:47]} {[%emt 00:01:04]} 36. Bf3
{[%clk 00:07:56]} {[%emt 00:00:11]} Be4 {[%clk 00:17:14]} {[%emt 00:08:04]} 37.
Bxe4 {[%clk 00:07:42]} {[%emt 00:00:45]} Qxe4+ {[%clk 00:08:05]} {[%emt
00:09:38]} 38. Kh2 {[%clk 00:07:49]} {[%emt 00:00:22]} Ke7 {[%clk 00:06:59]}
{[%emt 00:01:37]} 39. Qh6 {[%clk 00:06:54]} {[%emt 00:01:24]} Qc2 {[%clk
00:05:54]} {[%emt 00:01:36]} 40. Qe3+ {[%clk 00:07:04]} {[%emt 00:00:18]} Kd7
{[%clk 00:05:58]} {[%emt 00:00:27]} 41. a4 {[%clk 00:06:34]} {[%emt 00:01:00]}
a5 {[%clk 00:27:52]} {[%emt 00:08:36]} 42. Kg2 {[%clk 00:34:57]} {[%emt
00:02:07]} Qb2 {[%clk 00:27:37]} {[%emt 00:00:45]} 43. Qf3 {[%clk 00:33:47]}
{[%emt 00:01:38]} Qc2 {[%clk 00:23:18]} {[%emt 00:04:51]} 44. g4 {[%clk
00:22:00]} {[%emt 00:12:17]} Qb1 {[%clk 00:14:51]} {[%emt 00:08:57]} 45. gxf5
{[%clk 00:21:25]} {[%emt 00:01:05]} gxf5 {[%clk 00:15:13]} {[%emt 00:00:08]}
46. h5 {[%clk 00:21:22]} {[%emt 00:00:33]} Ke7 {[%clk 00:15:35]} {[%emt
00:00:08]} 47. h6 {[%clk 00:19:21]} {[%emt 00:02:31]} Qc1 {[%emt 00:00:37]} 48.
Qe3+ {[%emt 00:00:03]} 1-0

[Event "Deutsche Ländermeisterschaft 2023"]
[Site "Hannover GER"]
[Date "2023.10.04"]
[Round "6"]
[White "Wartenberg, Alissa"]
[Black "Sereda, Yaroslava"]
[Result "0-1"]
[Termination "normal"]
[Board "2.6"]
[WhiteElo "1690"]
[BlackElo "1956"]
[WhiteClock "00:04:06"]
[BlackClock "00:05:27"]
[WhiteTeam "Hamburg"]
[BlackTeam "Nordrhein-Westfalen"]
[PlyCount "70"]
[WhiteFideId "16280741"]
[BlackFideId "14178940"]
[EventCountry "GER"]
[EventRounds "7"]
[EventType "team-swiss"]
[EventDate "2023.09.30"]

1. e4 {[%clk 01:30:58]} {[%emt 00:00:02]} c5 {[%clk 01:30:47]} {[%emt
00:00:13]} 2. Nf3 {[%clk 01:31:24]} {[%emt 00:00:04]} Nc6 {[%clk 01:31:09]}
{[%emt 00:00:09]} 3. d4 {[%clk 01:31:51]} {[%emt 00:00:02]} cxd4 {[%clk
01:31:30]} {[%emt 00:00:09]} 4. Nxd4 {[%clk 01:32:18]} {[%emt 00:00:03]} e5
{[%clk 01:31:49]} {[%emt 00:00:11]} 5. Nb5 {[%clk 01:31:59]} {[%emt 00:00:47]}
d6 {[%clk 01:32:02]} {[%emt 00:00:18]} 6. N1c3 {[%clk 01:32:16]} {[%emt
00:00:14]} a6 {[%clk 01:32:11]} {[%emt 00:00:21]} 7. Na3 {[%clk 01:32:39]}
{[%emt 00:00:06]} Be7 {[%clk 01:32:21]} {[%emt 00:00:20]} 8. Nc4 {[%clk
01:19:35]} {[%emt 00:13:34]} b5 {[%clk 01:29:01]} {[%emt 00:03:51]} 9. Ne3
{[%clk 01:19:53]} {[%emt 00:00:12]} Nf6 {[%clk 01:28:45]} {[%emt 00:00:46]} 10.
Ned5 {[%clk 01:14:57]} {[%emt 00:05:26]} O-O {[%clk 01:16:38]} {[%emt
00:12:37]} 11. Be3 {[%clk 01:10:38]} {[%emt 00:04:48]} Rb8 {[%clk 01:09:25]}
{[%emt 00:07:44]} 12. a4 {[%clk 00:58:08]} {[%emt 00:12:59]} b4 {[%clk
01:01:38]} {[%emt 00:08:18]} 13. Nxf6+ {[%clk 00:58:29]} {[%emt 00:00:09]} Bxf6
{[%clk 01:02:03]} {[%emt 00:00:06]} 14. Nd5 {[%clk 00:58:56]} {[%emt 00:00:03]}
Bg5 {[%clk 00:58:12]} {[%emt 00:04:21]} 15. Bxg5 {[%clk 00:42:27]} {[%emt
00:16:59]} Qxg5 {[%clk 00:55:34]} {[%emt 00:03:09]} 16. Qd2 {[%clk 00:33:32]}
{[%emt 00:09:24]} Qh4 {[%clk 00:49:28]} {[%emt 00:06:36]} 17. Bd3 {[%clk
00:23:59]} {[%emt 00:10:02]} a5 {[%clk 00:40:49]} {[%emt 00:09:09]} 18. Qe3
{[%clk 00:17:53]} {[%emt 00:06:36]} Nd4 {[%clk 00:36:13]} {[%emt 00:05:07]} 19.
O-O-O {[%clk 00:12:49]} {[%emt 00:05:32]} Be6 {[%clk 00:32:50]} {[%emt
00:03:54]} 20. Nc7 {[%clk 00:12:53]} {[%emt 00:00:27]} Bd7 {[%clk 00:31:24]}
{[%emt 00:01:56]} 21. Nd5 {[%clk 00:09:48]} {[%emt 00:03:34]} Bxa4 {[%clk
00:30:58]} {[%emt 00:00:56]} 22. g3 {[%clk 00:09:40]} {[%emt 00:00:37]} Qd8
{[%clk 00:30:19]} {[%emt 00:01:09]} 23. Kb1 {[%clk 00:09:31]} {[%emt 00:00:39]}
Bb5 {[%clk 00:26:07]} {[%emt 00:04:42]} 24. Bxb5 {[%clk 00:09:38]} {[%emt
00:00:22]} Rxb5 {[%clk 00:25:55]} {[%emt 00:00:42]} 25. f4 {[%clk 00:07:57]}
{[%emt 00:02:11]} Qd7 {[%clk 00:12:52]} {[%emt 00:13:33]} 26. f5 {[%clk
00:07:17]} {[%emt 00:01:10]} f6 {[%clk 00:08:16]} {[%emt 00:05:06]} 27. g4
{[%clk 00:07:26]} {[%emt 00:00:21]} b3 {[%clk 00:07:35]} {[%emt 00:01:11]} 28.
c3 {[%clk 00:07:35]} {[%emt 00:00:20]} Nc2 {[%clk 00:07:41]} {[%emt 00:00:24]}
29. Qd3 {[%clk 00:07:43]} {[%emt 00:00:22]} Rb7 {[%clk 00:07:11]} {[%emt
00:01:00]} 30. Ne3 {[%clk 00:07:35]} {[%emt 00:00:37]} Nxe3 {[%clk 00:06:51]}
{[%emt 00:00:50]} 31. Qxe3 {[%clk 00:08:03]} {[%emt 00:00:02]} Qa4 {[%clk
00:06:42]} {[%emt 00:00:39]} 32. Qd3 {[%clk 00:07:01]} {[%emt 00:01:32]} Rc7
{[%clk 00:04:48]} {[%emt 00:02:25]} 33. Qd5+ {[%clk 00:05:10]} {[%emt
00:02:20]} Kh8 {[%clk 00:05:11]} {[%emt 00:00:07]} 34. Qxd6 {[%clk 00:03:41]}
{[%emt 00:01:59]} Qa2+ {[%clk 00:05:11]} {[%emt 00:00:30]} 35. Kc1 {[%clk
00:04:06]} {[%emt 00:00:06]} Rxc3+ {[%clk 00:05:27]} {[%emt 00:00:14]} 0-1

[Event "Deutsche Ländermeisterschaft 2023"]
[Site "Hannover GER"]
[Date "2023.10.04"]
[Round "6"]
[White "Rudolph, Eva"]
[Black "Grebita, Magnus"]
[Result "1-0"]
[Termination "normal"]
[Board "2.7"]
[WhiteElo "1793"]
[BlackElo "1540"]
[WhiteClock "00:04:28"]
[BlackClock "01:00:45"]
[WhiteTeam "Nordrhein-Westfalen"]
[BlackTeam "Hamburg"]
[PlyCount "81"]
[WhiteFideId "16200594"]
[BlackFideId "34608958"]
[EventCountry "GER"]
[EventRounds "7"]
[EventType "team-swiss"]
[EventDate "2023.09.30"]

1. e4 {[%clk 01:30:57]} {[%emt 00:00:02]} e5 {[%clk 01:30:49]} {[%emt
00:00:11]} 2. Nf3 {[%clk 01:31:22]} {[%emt 00:00:06]} Nc6 {[%clk 01:31:09]}
{[%emt 00:00:09]} 3. Nc3 {[%clk 01:31:44]} {[%emt 00:00:09]} Nf6 {[%clk
01:31:24]} {[%emt 00:00:15]} 4. d4 {[%clk 01:32:03]} {[%emt 00:00:11]} exd4
{[%clk 01:31:50]} {[%emt 00:00:04]} 5. Nxd4 {[%clk 01:32:28]} {[%emt 00:00:06]}
Bb4 {[%clk 01:31:59]} {[%emt 00:00:21]} 6. Nxc6 {[%clk 01:32:43]} {[%emt
00:00:15]} bxc6 {[%clk 01:32:15]} {[%emt 00:00:13]} 7. Bd3 {[%clk 01:33:05]}
{[%emt 00:00:09]} d5 {[%clk 01:32:24]} {[%emt 00:00:21]} 8. Bd2 {[%clk
01:32:50]} {[%emt 00:00:45]} Bxc3 {[%clk 01:32:02]} {[%emt 00:00:51]} 9. Bxc3
{[%clk 01:33:11]} {[%emt 00:00:10]} dxe4 {[%clk 01:32:26]} {[%emt 00:00:06]}
10. Be2 {[%clk 01:33:03]} {[%emt 00:00:39]} Qxd1+ {[%clk 01:31:28]} {[%emt
00:01:28]} 11. Rxd1 {[%clk 01:32:47]} {[%emt 00:00:46]} O-O {[%clk 01:31:23]}
{[%emt 00:00:35]} 12. O-O {[%clk 01:08:16]} {[%emt 00:25:01]} Bf5 {[%clk
01:26:56]} {[%emt 00:04:56]} 13. Be5 {[%clk 00:57:57]} {[%emt 00:10:49]} Rab8
{[%clk 01:23:58]} {[%emt 00:03:28]} 14. b3 {[%clk 00:57:02]} {[%emt 00:01:26]}
Rb7 {[%clk 01:24:04]} {[%emt 00:00:23]} 15. f3 {[%clk 00:45:42]} {[%emt
00:11:50]} Re8 {[%clk 01:16:56]} {[%emt 00:07:38]} 16. fxe4 {[%clk 00:33:59]}
{[%emt 00:12:13]} Bxe4 {[%clk 01:16:38]} {[%emt 00:00:48]} 17. Bxf6 {[%clk
00:27:54]} {[%emt 00:06:35]} gxf6 {[%clk 01:17:02]} {[%emt 00:00:06]} 18. Bd3
{[%clk 00:17:09]} {[%emt 00:11:16]} f5 {[%clk 01:14:04]} {[%emt 00:03:27]} 19.
Rde1 {[%clk 00:16:35]} {[%emt 00:01:04]} Rbb8 {[%clk 01:13:14]} {[%emt
00:01:19]} 20. Bxe4 {[%clk 00:11:59]} {[%emt 00:05:07]} fxe4 {[%clk 01:13:15]}
{[%emt 00:00:30]} 21. Rf4 {[%clk 00:11:50]} {[%emt 00:00:37]} Rbd8 {[%clk
01:09:54]} {[%emt 00:03:51]} 22. Rfxe4 {[%clk 00:11:07]} {[%emt 00:01:15]} Rxe4
{[%clk 01:10:17]} {[%emt 00:00:07]} 23. Rxe4 {[%clk 00:11:31]} {[%emt
00:00:05]} Kf8 {[%clk 01:10:08]} {[%emt 00:00:38]} 24. Kf2 {[%clk 00:10:24]}
{[%emt 00:01:38]} a5 {[%clk 01:09:35]} {[%emt 00:01:03]} 25. Ke3 {[%clk
00:09:41]} {[%emt 00:01:14]} Rd5 {[%clk 01:02:58]} {[%emt 00:07:06]} 26. Rc4
{[%clk 00:08:13]} {[%emt 00:01:56]} Re5+ {[%clk 01:01:29]} {[%emt 00:02:00]}
27. Kf4 {[%clk 00:07:40]} {[%emt 00:01:03]} Rh5 {[%clk 01:00:47]} {[%emt
00:01:11]} 28. Kg3 {[%clk 00:07:07]} {[%emt 00:01:05]} Rg5+ {[%clk 01:00:59]}
{[%emt 00:00:18]} 29. Kf3 {[%clk 00:07:00]} {[%emt 00:00:33]} Rh5 {[%emt
00:00:51]} 30. h3 {[%clk 00:05:50]} {[%emt 00:01:38]} Rb5 {[%clk 01:01:09]}
{[%emt 00:00:04]} 31. Rxc6 {[%clk 00:05:37]} {[%emt 00:00:44]} Rb7 {[%clk
01:01:29]} {[%emt 00:00:09]} 32. a4 {[%clk 00:05:09]} {[%emt 00:00:57]} Ra7
{[%clk 01:01:00]} {[%emt 00:00:59]} 33. Ke4 {[%clk 00:05:24]} {[%emt 00:00:16]}
Ke8 {[%clk 01:00:20]} {[%emt 00:01:10]} 34. Rh6 {[%clk 00:05:07]} {[%emt
00:00:47]} c5 {[%clk 01:00:35]} {[%emt 00:00:14]} 35. Kd5 {[%clk 00:04:44]}
{[%emt 00:00:53]} Rd7+ {[%clk 01:00:39]} {[%emt 00:00:27]} 36. Rd6 {[%clk
00:04:18]} {[%emt 00:00:56]} Re7 {[%clk 01:01:05]} {[%emt 00:00:04]} 37. Kxc5
{[%clk 00:04:07]} {[%emt 00:00:41]} Re2 {[%clk 01:01:28]} {[%emt 00:00:07]} 38.
c4 {[%clk 00:04:10]} {[%emt 00:00:27]} Rxg2 {[%clk 01:01:01]} {[%emt 00:00:57]}
39. Rd3 {[%clk 00:03:55]} {[%emt 00:00:44]} Rg5+ {[%clk 01:00:45]} {[%emt
00:00:46]} 40. Kb6 {[%clk 00:04:14]} {[%emt 00:00:11]} Ke7 {[%clk 01:00:45]}
{[%emt 00:00:30]} 41. c5 {[%clk 00:04:28]} {[%emt 00:00:16]} 1-0

[Event "Deutsche Ländermeisterschaft 2023"]
[Site "Hannover GER"]
[Date "2023.10.04"]
[Round "6"]
[White "Fettan, Nua"]
[Black "Kovalskyy, Alicia"]
[Result "1/2-1/2"]
[Termination "normal"]
[Board "2.8"]
[WhiteElo "1248"]
[BlackElo "1527"]
[WhiteClock "00:46:09"]
[BlackClock "00:17:31"]
[WhiteTeam "Hamburg"]
[BlackTeam "Nordrhein-Westfalen"]
[PlyCount "47"]
[WhiteFideId "34637362"]
[BlackFideId "34612130"]
[EventCountry "GER"]
[EventRounds "7"]
[EventType "team-swiss"]
[EventDate "2023.09.30"]

1. e4 {[%clk 01:30:59]} e5 {[%clk 01:30:55]} {[%emt 00:00:05]} 2. Nf3 {[%clk
01:31:25]} {[%emt 00:00:04]} Nc6 {[%clk 01:31:21]} {[%emt 00:00:05]} 3. d4
{[%clk 01:31:49]} {[%emt 00:00:06]} exd4 {[%clk 01:31:47]} {[%emt 00:00:04]} 4.
Nxd4 {[%clk 01:32:15]} {[%emt 00:00:04]} Nf6 {[%clk 01:32:11]} {[%emt
00:00:06]} 5. Nc3 {[%clk 01:32:35]} {[%emt 00:00:09]} Bb4 {[%clk 01:32:36]}
{[%emt 00:00:05]} 6. Nxc6 {[%clk 01:32:51]} {[%emt 00:00:15]} bxc6 {[%clk
01:32:59]} {[%emt 00:00:07]} 7. Bd3 {[%clk 01:33:10]} {[%emt 00:00:11]} d5
{[%clk 01:33:00]} {[%emt 00:00:29]} 8. exd5 {[%clk 01:33:18]} {[%emt 00:00:22]}
O-O {[%clk 01:33:00]} {[%emt 00:00:30]} 9. O-O {[%clk 01:32:48]} {[%emt
00:01:00]} Bg4 {[%clk 01:32:47]} {[%emt 00:00:44]} 10. f3 {[%clk 01:28:41]}
{[%emt 00:04:37]} Bh5 {[%clk 01:33:10]} {[%emt 00:00:07]} 11. a3 {[%clk
01:21:04]} {[%emt 00:08:07]} Bc5+ {[%clk 01:27:03]} {[%emt 00:06:36]} 12. Kh1
{[%clk 01:21:12]} {[%emt 00:00:22]} cxd5 {[%clk 01:24:28]} {[%emt 00:03:05]}
13. Bg5 {[%clk 01:20:01]} {[%emt 00:01:42]} c6 {[%clk 01:20:17]} {[%emt
00:04:41]} 14. Ne2 {[%clk 01:17:46]} {[%emt 00:02:45]} Bg6 {[%clk 01:10:50]}
{[%emt 00:09:56]} 15. Bxg6 {[%clk 01:11:05]} {[%emt 00:07:12]} fxg6 {[%clk
01:10:16]} {[%emt 00:01:02]} 16. Nd4 {[%clk 01:10:03]} {[%emt 00:01:34]} Qd7
{[%clk 01:05:06]} {[%emt 00:05:33]} 17. Re1 {[%clk 01:08:12]} {[%emt 00:02:28]}
Rae8 {[%clk 01:03:49]} {[%emt 00:01:47]} 18. Qd2 {[%clk 01:04:19]} {[%emt
00:04:22]} Rf7 {[%clk 00:32:15]} {[%emt 00:32:04]} 19. Qc3 {[%clk 00:58:54]}
{[%emt 00:05:56]} Bxd4 {[%clk 00:25:54]} {[%emt 00:06:50]} 20. Qxd4 {[%clk
00:57:25]} {[%emt 00:02:00]} Qf5 {[%clk 00:18:53]} {[%emt 00:07:31]} 21. Bxf6
{[%clk 00:53:48]} {[%emt 00:04:07]} Rxe1+ {[%clk 00:19:05]} {[%emt 00:00:18]}
22. Rxe1 {[%clk 00:54:06]} {[%emt 00:00:12]} gxf6 {[%clk 00:18:20]} {[%emt
00:01:15]} 23. Qc5 {[%clk 00:48:24]} {[%emt 00:06:12]} Qd7 {[%clk 00:17:31]}
{[%emt 00:01:13]} 24. h3 {[%clk 00:46:09]} {[%emt 00:02:51]} 1/2-1/2

[Event "Deutsche Ländermeisterschaft 2023"]
[Site "Hannover GER"]
[Date "2023.10.04"]
[Round "6"]
[White "Pubantz, Jan"]
[Black "Petrovskiy, Vadim"]
[Result "1/2-1/2"]
[Termination "normal"]
[Board "3.1"]
[BlackTitle "IM"]
[WhiteElo "2299"]
[BlackElo "2413"]
[WhiteClock "00:15:42"]
[BlackClock "00:26:31"]
[WhiteTeam "Niedersachsen"]
[BlackTeam "Hessen"]
[PlyCount "43"]
[WhiteFideId "12996114"]
[BlackFideId "14165210"]
[EventCountry "GER"]
[EventRounds "7"]
[EventType "team-swiss"]
[EventDate "2023.09.30"]

1. d4 {[%clk 01:30:57]} {[%emt 00:00:02]} Nf6 {[%clk 01:30:51]} {[%emt
00:00:09]} 2. c4 {[%clk 01:31:24]} {[%emt 00:00:04]} e6 {[%clk 01:31:04]}
{[%emt 00:00:15]} 3. g3 {[%clk 01:31:46]} {[%emt 00:00:10]} d5 {[%clk
01:31:15]} {[%emt 00:00:18]} 4. Nf3 {[%clk 01:32:02]} {[%emt 00:00:14]} Be7
{[%clk 01:31:36]} {[%emt 00:00:08]} 5. Bg2 {[%clk 01:32:29]} {[%emt 00:00:04]}
O-O {[%clk 01:31:57]} {[%emt 00:00:09]} 6. O-O {[%clk 01:32:54]} {[%emt
00:00:05]} Nbd7 {[%clk 01:32:10]} {[%emt 00:00:17]} 7. Qc2 {[%clk 01:28:02]}
{[%emt 00:05:22]} a5 {[%clk 01:32:09]} {[%emt 00:00:30]} 8. Rd1 {[%clk
01:27:05]} {[%emt 00:01:27]} h6 {[%clk 01:32:29]} {[%emt 00:00:11]} 9. Nbd2
{[%clk 01:13:34]} {[%emt 00:14:01]} c5 {[%clk 01:29:08]} {[%emt 00:03:51]} 10.
cxd5 {[%clk 01:05:25]} {[%emt 00:08:39]} Nxd5 {[%clk 01:29:32]} {[%emt
00:00:05]} 11. Ne4 {[%clk 00:50:38]} {[%emt 00:15:16]} b6 {[%clk 01:27:50]}
{[%emt 00:02:13]} 12. dxc5 {[%clk 00:48:04]} {[%emt 00:03:04]} Nxc5 {[%clk
01:27:39]} {[%emt 00:00:40]} 13. Nxc5 {[%clk 00:46:27]} {[%emt 00:02:07]} Bxc5
{[%clk 01:28:00]} {[%emt 00:00:10]} 14. Bd2 {[%clk 00:39:03]} {[%emt 00:07:54]}
Bb7 {[%clk 01:09:39]} {[%emt 00:18:50]} 15. Bc3 {[%clk 00:32:22]} {[%emt
00:07:11]} Rc8 {[%clk 01:08:06]} {[%emt 00:02:03]} 16. Qb3 {[%clk 00:28:24]}
{[%emt 00:04:28]} Qe8 {[%clk 00:24:43]} {[%emt 00:43:53]} 17. Bd4 {[%clk
00:27:02]} {[%emt 00:01:52]} a4 {[%clk 00:25:09]} {[%emt 00:00:04]} 18. Qd3
{[%clk 00:24:54]} {[%emt 00:02:38]} Nb4 {[%clk 00:25:32]} {[%emt 00:00:08]} 19.
Qd2 {[%clk 00:23:01]} {[%emt 00:02:22]} Rd8 {[%clk 00:25:56]} {[%emt 00:00:07]}
20. Qc3 {[%clk 00:20:53]} {[%emt 00:02:38]} Nd5 {[%clk 00:26:23]} {[%emt
00:00:02]} 21. Qc2 {[%clk 00:16:30]} {[%emt 00:04:53]} Nb4 {[%clk 00:26:31]}
{[%emt 00:00:22]} 22. Qc3 {[%clk 00:15:42]} {[%emt 00:01:18]} 1/2-1/2